00747nam a22002417i 4500003000900000005001700009007000300026008004100029020001800070040003000088041000800118082002400126100003700150245006000187264006000247300004400307336002700351337003300378338002800411490001800439650002200457650002600479DO-SdBNP20250508101451.0ta250508b2024 |||||||| |||| 00| 0 spa d a9789945251104 aDO-SdBNPbspacBNPHUerda hspa aRD863.44bG643g2221 aGonzález Herrera, Julioeautor03aLa gloria llamó dos veces /cJulio González Herrera aSanto Domingo :bArchivo General de la Nación,c2024. a208 páginas :bilustraciones ;c24 cm ardacontentbtexto2txt ardamediabsin mediación2n ardacarrierbvolumen2nc aJuvenil ;v34 4aNovela dominicana 4aLiteratura dominicana